=LDR 00000nam 2200000 4500 =001 INLIS000000000039518 =005 20130612145137 =008 ***********************************Ind** =035 ##$$0010-061300000039518 =041 ##$$a Ind =082 ##$$a 923.3 =090 ##$$a 923.3, Kha d =100 ##$$a Khatib, Ach =245 ##$$a Dengan Dengkul Jadi Raja Properti! : Kisah - Kisah Raja Properti Yang Dulu Bermodal Dengkul, Ach.Khatib ; Editor, Hakan Syukur =300 ##$$a 200 Hlm, 18 Cm =700 ##$$a Syukur, Hakan =850 ##$$a NBPNMAT =990 ##$$a 0001/BPAP-NTB/2015 =990 ##$$a 0001/BPAP-NTB/2015